000 01062nam a22002537a 4500
005 20170124103208.0
010 _aA-973254
020 _a8170556317
_c275.00
035 _aA-973254
037 _bCen Lib/Ret
040 _aDPL
_bHN
082 _a025.1
_bशर्माए
100 _aशर्मा, एस . के.
_995340
245 _aपुस्तकालय प्रशासन एवं प्रबंध /
_cके.एस. शर्मा
246 _aPustkalay prashasan evam prabandh
_bby K.S. Sharma
260 _aनई दिल्ली
_bवाणी प्रकाशन
_c1999
270 _a21ए , दरिया गंज
_bनई दिल्ली
_e110002
300 _a290पृष्ठ.
_c20सेमी(सजिल्द)
650 _aपुस्तकालय विज्ञान
_995341
650 _aपुस्तकालय प्रबंध
_9702
650 _alibrary Science
_995342
650 _aLibrary management
_995343
942 _2ddc
_cHN
_h025.1
_mशर्माए
999 _c121172
_d121172